| 000 | 00725nam a22002297a 4500 | ||
|---|---|---|---|
| 999 |
_c10758 _d10758 |
||
| 003 | AR-CdUCM | ||
| 008 | 190401b ||||| |||| 00| 0 spa d | ||
| 020 | _a84-8389-720-2 | ||
| 040 |
_aMUNICIPALIDAD PROVINCIAL DEL CUSCO _cBIBLIOTECA MUNICIPAL DEL CUSCO |
||
| 082 |
_aEP / 372.460 / _bC25 |
||
| 100 |
_aCapdevila, Rafael _927769 |
||
| 245 | _aLectura integral 5 / | ||
| 260 |
_aLima : _bEditorial magisterio, _c1996. |
||
| 300 |
_a159 páginas ; _bIlustraciones, _c28 cm. |
||
| 440 |
_aColección cantera _927770 |
||
| 505 | _aContenido: Literatura escolar. | ||
| 650 |
_aLiteratura escolar _926679 |
||
| 650 |
_aLibro de tareas _927771 |
||
| 650 |
_aEducación primaria _91561 |
||
| 942 |
_2ddc _cLIBROS |
||
| 945 | _adavv | ||